| 000 | 005460000a22001810004500 | ||
|---|---|---|---|
| 003 | MACL | ||
| 005 | 20160211165155.0 | ||
| 008 | 160211b xxu||||| |||| 00| 0 eng d | ||
| 040 |
_aMACL _cMACL |
||
| 041 | _aHindi | ||
| 082 | _a294 | ||
| 100 |
_aआचार्य पं.् श्रीराम शर्मा _937056 |
||
| 245 | _aबीस स्मृतिया | ||
| 260 |
_bसंस्कृति संस्थान _c1974 _aबरेली |
||
| 350 | _a10 | ||
| 650 |
_aReligion _937916 |
||
| 942 |
_cHIN _k294 _2ddc |
||
| 999 |
_c26937 _d26937 |
||